| 000 | 00364 a2200121 4500 | ||
|---|---|---|---|
| 001 | ART_43482 | ||
| 005 | 20260410162024.0 | ||
| 008 | 260409a | ||
| 245 | 1 | 0 | _aTeen drinking and educational attainment |
| 100 | 1 | _aDee, Thomas S. | |
| 700 | 1 | _aEvans, William N. | |
| 773 | 0 |
_tJournal of labor economics _g- Vol. 21, NÂș 1 (ene. 2003) _wREV43438 |
|
| 999 |
_c33402 _d33402 |
||